| 000 | 00340nam a2200109Ia 4500 | ||
|---|---|---|---|
| 008 | 171204s9999 xx 000 0 und d | ||
| 245 | _aIran in Crisis?: Nuclear Ambitions and the American Response: | ||
| 245 | _cRoger Howard | ||
| 260 | _c2004 | ||
| 650 | _xPolitics and Sociology | ||
| 856 | _uhttp://down.ebook777.com/063/9781842774748.pdf | ||
| 999 |
_c345607 _d345607 |
||